Strzelcy Premier League w klubach 2019/20 - Statystyki

Ogólne statystyki
  • Ten quiz został rozwiązany 43 razy
  • Średni wynik to 12 z 20
Statystyki odpowiedzi
Klub Narodowość # Nazwisko % Poprawnych
Liverpool Egipt 19 Mohamed Salah
100%
Tottenham Hotspur Anglia 18 Harry Kane
93%
Manchester United Francja/Anglia 17 Anthony Martial/Marcus Rashford
88%
Arsenal Gabon 22 Pierre-Emerick Aubameyang
88%
Leicester City Anglia 23 Jamie Vardy
85%
Manchester City Anglia 20 Raheem Sterling
73%
Wolverhampton Wanderers Meksyk 17 Raúl Jiménez
68%
Everton Anglia/Brazylia 13 Dominic Calvert-Lewin/Richarlison
66%
Burnley Nowa Zelandia 14 Chris Wood
63%
Norwich City Finlandia 11 Teemu Pukki
63%
Crystal Palace Ghana 9 Jordan Ayew
56%
West Ham United Jamajka 10 Michail Antonio
54%
Brighton Francja 10 Neal Maupay
49%
Bournemouth Anglia 8 Callum Wilson
46%
Aston Villa Anglia 8 Jack Grealish
41%
Southampton Anglia 22 Danny Ings
37%
Watford Anglia 10 Troy Deeney
34%
Chelsea Anglia 15 Tammy Abraham
29%
Sheffield United Szkocja/Francja 6 Oli McBurnie/Lys Mousset
27%
Newcastle United Anglia 6 Jonjo Shelvey
5%
Nie znaleziono quizów pasujących do podanych kryteriów
Rozkład punktacji
Procent ludzi z każdym wynikiem
Percentyl według liczby udzielonych odpowiedzi
Twoja historia wyników
Nie rozwiązałeś tego quizu